000
00310nam a2200121Ia 4500
008
240624s9999 xx 000 0 und d
041
_a
eng
082
_a
413 OXF
100
_a
OXFORD UNIVERSITY
245
_a
OXFORD DICTIONARY OF FINANCE AND BANKING
260
_c
2005
_a
New York
_b
Oxford Univ Press
365
_c
RS
999
_c
4150
_d
4150